00444 a2200121 4500003000500000005001700005040000900022245017600031260003500207300000900242538001100251650006000262Nust20170207164336.0 cNust aMachine Learning and Data Mining in Pattern Recognition(E BOOK)b5th International Conference, MLDM 2007 Leipzig, Germany, July 18-20, 2007 ProceedingscPetra Perner (Ed.) aBerlinbSpringer-Verlag c2007 a927p aE Book aMachine Learning and Data Mining in Pattern Recognition